000 00423nam a2200181Ia 4500
005 20240823042246.0
008 240823s9999||||xx |||||||||||||| ||und||
041 _aENGLISH
082 _A621.3 P3
100 _aFrancis M Fernandez
245 0 _aElectrical Engineering
250 _a2nd
260 _c2003
_bRajath Publi
500 _aTRANSFERED
650 _aElectrical
_bElectrical
942 _cBK
999 _c207448
_d207448